<?xml version="1.0" encoding="UTF-8"?>
<collection xmlns="http://www.loc.gov/MARC21/slim">
<record>
  <controlfield tag="001">167163</controlfield>
  <controlfield tag="005">20260121151432.0</controlfield>
  <datafield tag="037" ind1=" " ind2=" ">
    <subfield code="a">TAZ-TFG-2025-1574</subfield>
  </datafield>
  <datafield tag="041" ind1=" " ind2=" ">
    <subfield code="a">spa</subfield>
  </datafield>
  <datafield tag="100" ind1="1" ind2=" ">
    <subfield code="a">Belle Isle Carrasco, Andrea Rhiannon</subfield>
  </datafield>
  <datafield tag="242" ind1="0" ind2="0">
    <subfield code="a">Citizen participation initiatives in GLAM institutions (Galleries, Libraries, Archives and Museums)</subfield>
  </datafield>
  <datafield tag="245" ind1="0" ind2="0">
    <subfield code="a">Iniciativas de participación ciudadana en instituciones GLAM (Galerías, Bibliotecas, Archivos y Museos)</subfield>
  </datafield>
  <datafield tag="260" ind1=" " ind2=" ">
    <subfield code="a">Zaragoza</subfield>
    <subfield code="b">Universidad de Zaragoza</subfield>
    <subfield code="c">2025</subfield>
  </datafield>
  <datafield tag="506" ind1=" " ind2=" ">
    <subfield code="a">by-nc-sa</subfield>
    <subfield code="b">Creative Commons</subfield>
    <subfield code="c">3.0</subfield>
    <subfield code="u">http://creativecommons.org/licenses/by-nc-sa/3.0/</subfield>
  </datafield>
  <datafield tag="520" ind1=" " ind2=" ">
    <subfield code="a">La importancia de la participación ciudadana y las instituciones GLAM en las sociedades democráticas queda cada vez más reflejada en los proyectos que se llevan a cabo en estas instituciones. El objetivo general del trabajo es analizar el vínculo entre los principios de la participación ciudadana y el modelo de las instituciones GLAM, a través del estudio conceptual y el análisis de proyectos concretos desarrollados en este ámbito.&lt;br />Se han seleccionado 18 proyectos de participación ciudadana realizados en distintas instituciones GLAM. Para analizarlos se ha diseñado un método de recoplicación de datos,  con criterios cualitativos para así evaluar su características y resultados. Algunos tipos de actividades que más se están realizando con la descripción archivística colaborativa o la co-creación de exposiciones. En cuanto al nivel de participación según el modelo IAP2, los que más se han encontrado ha sido el de Colaborar o Involucrar y los que menos Informar y Empoderar. Se concluye que la participación ciudadana puede ser un mecanismo que sirva para fortalecer el papel de las instituciones GLAM en relación a la ciudadanía. Pero es esencial que haya una mejora generalizada en cuanto a la documentación y difusión de los proyectos que llevan a cabo y los resultados obtenidos. &lt;br />&lt;br /></subfield>
  </datafield>
  <datafield tag="521" ind1=" " ind2=" ">
    <subfield code="a">Graduado en Información y Documentación</subfield>
  </datafield>
  <datafield tag="540" ind1=" " ind2=" ">
    <subfield code="a">Derechos regulados por licencia Creative Commons</subfield>
  </datafield>
  <datafield tag="856" ind1="0" ind2=" ">
    <subfield code="f">679282@unizar.es</subfield>
  </datafield>
  <datafield tag="856" ind1="4" ind2=" ">
    <subfield code="s">1915725</subfield>
    <subfield code="u">http://zaguan.unizar.es/record/167163/files/TAZ-TFG-2025-1574.pdf</subfield>
    <subfield code="y">Memoria (spa)</subfield>
  </datafield>
  <datafield tag="909" ind1="C" ind2="O">
    <subfield code="o">oai:zaguan.unizar.es:167163</subfield>
    <subfield code="p">driver</subfield>
    <subfield code="p">trabajos-fin-grado</subfield>
  </datafield>
  <datafield tag="950" ind1=" " ind2=" ">
    <subfield code="a"></subfield>
  </datafield>
  <datafield tag="691" ind1=" " ind2=" ">
    <subfield code="a">0</subfield>
  </datafield>
  <datafield tag="692" ind1=" " ind2=" ">
    <subfield code="a"></subfield>
  </datafield>
  <datafield tag="700" ind1=" " ind2=" ">
    <subfield code="a">Siso Calvo, Brenda</subfield>
    <subfield code="e">dir.</subfield>
  </datafield>
  <datafield tag="710" ind1="2" ind2=" ">
    <subfield code="a">Universidad de Zaragoza</subfield>
    <subfield code="b">Ciencias de la Documentación e Historia de la Ciencia</subfield>
    <subfield code="c">Biblioteconomía y Documentación</subfield>
  </datafield>
  <datafield tag="980" ind1=" " ind2=" ">
    <subfield code="a">TAZ</subfield>
    <subfield code="b">TFG</subfield>
    <subfield code="c">FFYL</subfield>
  </datafield>
  <datafield tag="999" ind1=" " ind2=" ">
    <subfield code="a">20250529184445.CREATION_DATE</subfield>
  </datafield>
  <datafield tag="951" ind1=" " ind2=" ">
    <subfield code="a">deposita:2026-01-21</subfield>
  </datafield>
</record>
</collection>